Kaizers Orchestra Songs - Statistics

General Stats
  • This quiz has been taken 29 times
  • The average score is 56 of 91
Answer Stats
Hint Answer % Correct
Ompa til du dør 170
100%
Ompa til du dør Ompa til du dør
100%
Ompa til du dør Resistansen
100%
Ompa til du dør Bris
88%
Evig pint Evig pint
88%
Ompa til du dør Fra sjåfør til passasjer
88%
Ompa til du dør Kontroll på kontinentet
88%
Maestro Maestro
88%
Ompa til du dør Mr. Kaizer hans Constanse og meg
88%
Ompa til du dør Bak et halleluja
75%
Evig pint Container
75%
Violeta Violeta Volum I Diamant til kull
75%
Våre demoner Die polizei
75%
Evig pint Di grind
75%
Violeta Violeta Volum I Din kjole lukter bensin, mor
75%
Evig pint Djevelens orkester
75%
Ompa til du dør Dr. Mowinckel
75%
Violeta Violeta Volum I Femtakt filosofi
75%
Violeta Violeta Volum I Hjerteknuser
75%
Violeta Violeta Volum II I ett med verden
75%
Maestro KGB
75%
Violeta Violeta Volum I Philemon Arthur & the dung
75%
Violeta Violeta Volum I Psycho under min hatt
75%
Evig pint Salt & Pepper
75%
Violeta Violeta Volum II Silver
75%
Violeta Violeta Volum I Sju bøtter tårer er nok, Beatrice
75%
Violeta Violeta Volum II Støv og sand
75%
Våre demoner Våre demoner
75%
Violeta Violeta Volum III Aldri vodka, Violeta
63%
Violeta Violeta Volum III Begravelsespolka
63%
Ompa til du dør Bøn fra helvete
63%
Maestro Christiania
63%
Ompa til du dør Dekk bord
63%
Maestro Delikatessen
63%
Violeta Violeta Volum II Den romantiske tragedien
63%
Violeta Violeta Volum III Det polaroide liv
63%
Maestro Dieter Meyers Inst.
63%
Violeta Violeta Volum II Domino
63%
Evig pint Drøm hardt (requiem part 1)
63%
Violeta Violeta Volum II Drøm videre Violeta
63%
Violeta Violeta Volum I En for orgelet, en for meg
63%
Violeta Violeta Volum II Faen i båten
63%
Violeta Violeta Volum II Far til datter
63%
Violeta Violeta Volum III Forloveren
63%
Violeta Violeta Volum II Gresk komedie
63%
Maestro Knekker deg til sist
63%
Violeta Violeta Volum III Markedet bestemmer
63%
Evig pint Naade
63%
Maestro På ditt skift
63%
Violeta Violeta Volum III Perfekt i en drøm
63%
Våre demoner Prosessen
63%
Violeta Violeta Volum III Satan i halsen
63%
Violeta Violeta Volum III Sekskløver
63%
Violeta Violeta Volum III Siste dans
63%
Violeta Violeta Volum I Svarte katter & flosshatter
63%
Evig pint Til depotet
63%
Violeta Violeta Volum I Tumor i ditt hjerte
63%
Violeta Violeta Volum II Tusen dråper regn
63%
Violeta Violeta Volum III Tvilling
63%
Maskineri 9 mm
50%
Maskineri Apokalyps meg
50%
Maestro Auksjon (i Dieter Meyers hall)
50%
Evig pint De involverte
50%
Våre demoner Den sjette sansen
50%
Maskineri Du og meg Lou
50%
Maskineri Enden av november
50%
Våre demoner Fanden hakk i hæl
50%
Våre demoner Gruvene på 16
50%
Våre demoner Kavalér
50%
Maskineri Maskineri
50%
Maskineri Med en gong eg når bånn
50%
Våre demoner Medisin & psykiatri
50%
Evig pint Min kvide russer
50%
Maskineri Ond sirkel
50%
Våre demoner Sonny
50%
Våre demoner Stormfull vals
50%
Maskineri Toxic blod
50%
Våre demoner Under månen
50%
Evig pint Veteranens klage
50%
Maskineri Volvo i Mexico
50%
Maskineri Bastard sønn
38%
Maestro Blitzregn baby
38%
Maskineri Den andre er meg
38%
Evig pint Hevnervals
38%
Maskineri Kaizers 115. drøm
38%
Maskineri Moment
38%
Maestro Papa har lov
38%
Ompa til du dør Rullett
38%
Maestro Señor Flamingos adieu
38%
Våre demoner Señor Torpedo
38%
Maestro Jævel av en tango
25%
No matching quizzes found
Score Distribution
Percent of People with Each Score
Percentile by Number Answered
Your Score History
You have not taken this quiz